00000000nam 2200000zi 4500
0019.938345
003CaOODSP
00520241125154730
006m     o  d f      
007cr mn|||||||||
008240515t20232023oncdab  ob   f000 0 eng d
020 |a9780660719726
040 |aCaOODSP|beng|erda|cCaOODSP
043 |an-cn---
0861 |aCW69-14/836-2024E-PDF
24500|aCOSEWIC assessment and status report on the mudpuppy, Necturus maculosus, Manitoba population, Great Lakes / St. Lawrence population, in Canada.
264 1|aOttawa, ON : |bCommittee on the Status of Endangered Wildlife in Canada = Comité sur la situation des espèces en péril au Canada, |c2023.
264 4|c©2023
300 |a1 online resource (xvi, 78 pages) : |bcharts, illustrations, maps
336 |atext|btxt|2rdacontent
337 |acomputer|bc|2rdamedia
338 |aonline resource|bcr|2rdacarrier
500 |aIssued also in French under title: Évaluation et rapport de situation du COSEPAC sur le necture tacheté, Necturus maculosus, population du Manitoba, population des Grands Lacs et du Saint-Laurent, au Canada.
500 |a"Manitoba population - Threatened; Great Lakes / St. Lawrence population - Special Concern, 2023."
504 |aIncludes bibliographical references.
650 0|aNecturus maculosus|zCanada.
650 0|aEndangered species|xConservation|zCanada.
7102 |aCommittee on the Status of Endangered Wildlife in Canada, |eissuing body.
77508|tÉvaluation et rapport de situation du COSEPAC sur le necture tacheté, Necturus maculosus, population du Manitoba, population des Grands Lacs et du Saint-Laurent, au Canada.|w(CaOODSP)9.938347
85640|qPDF|s3.67 MB|uhttps://publications.gc.ca/collections/collection_2024/eccc/cw69/CW69-14-836-2024-eng.pdf
8564 |qHTML|sN/A|uhttps://www.canada.ca/en/environment-climate-change/services/species-risk-public-registry/cosewic-assessments-status-reports/mudpuppy-2023.html